| 000 | 00343nam a2200145Ia 4500 | ||
|---|---|---|---|
| 008 | 210210b1988 xxu||||| |||| 00| 0 eng d | ||
| 082 | _a142.78 CAMM | ||
| 100 | _aCAMUS (Albert). | ||
| 245 | _aMyth of Sisyphus. | ||
| 260 |
_aN Y _bPenguin Books _c1988 |
||
| 300 | _a191 | ||
| 650 | _aExistentialism | ||
| 690 | _aPhilosophy | ||
| 906 | _a042783 | ||
| 999 |
_c92625 _d92625 |
||